000 00467nam a2200169Ia 4500
008 090711s9999 xx 000 0 und d
082 _b80073
100 _aदेशपांडे पु. ल.
245 _aदाद
260 _bमौज प्रकाशन
_c1997
300 _a198
600 _aदेशपांडे पु. ल.
630 _aदाद
700 _aदेशपांडे पु. ल.
730 _aदाद
942 _cBOOK
999 _c321333
_d321333